[Event "Open de la Constitución 2019"]
[Site "S. S. de los Reyes ESP"]
[Date "2019.12.03"]
[Round "4.11"]
[White "Sanchez Sanz, Alejandro"]
[Black "Bello Burguet, Glenier Lazaro"]
[Result "0-1"]
[WhiteElo "1745"]
[BlackElo "2001"]
[PlyCount "88"]
[EventDate "2019.11.30"]
[EventType "swiss"]
[EventRounds "9"]
[EventCountry "ESP"]
[SourceTitle "Ajedrez en Madrid"]
[Source "lmi"]
[SourceDate "2019.11.30"]
[SourceVersion "1"]
[SourceVersionDate "2019.12.16"]
[SourceQuality "1"]

1. e4 e5 2. Nf3 Nc6 3. d4 exd4 4. Nxd4 Nf6 5. Nxc6 bxc6 6. e5 Qe7 7. Qe2 Nd5 8.
c4 Ba6 9. b3 g6 10. g3 Bg7 11. Bb2 O-O 12. Bg2 Rae8 13. O-O Bxe5 14. Bxe5 Qxe5
15. Qxe5 Rxe5 16. Rd1 Nf6 17. Nc3 Rfe8 18. f4 Re3 19. Na4 Bc8 20. c5 R8e7 21.
Bf1 Ne4 22. Rac1 Kf8 23. Rc4 Kg7 24. Bd3 Nf6 25. Rb4 d5 26. cxd6 cxd6 27. Rd4
Bh3 28. Rxd6 Ng4 29. Bf1 Re1 30. Nc3 Bxf1 31. Rxe1 Rxe1 32. Rd1 Rxd1 33. Nxd1
Bd3 34. h3 Nf6 35. Nf2 Be2 36. Kg2 h5 37. Kh2 Kf8 38. Kg2 Ke7 39. h4 Kd6 40.
Nh3 Ne4 41. Ng1 Bg4 42. Nf3 Bxf3+ 43. Kxf3 f5 44. b4 Kd5 0-1

[Event "Open de la Constitución 2019"]
[Site "S. S. de los Reyes ESP"]
[Date "2019.12.03"]
[Round "4.12"]
[White "Lopez de Turiso, Jose Angel"]
[Black "Blanco Martin, Oscar"]
[Result "0-1"]
[WhiteElo "1947"]
[BlackElo "1692"]
[PlyCount "146"]
[EventDate "2019.11.30"]
[EventType "swiss"]
[EventRounds "9"]
[EventCountry "ESP"]
[SourceTitle "Ajedrez en Madrid"]
[Source "lmi"]
[SourceDate "2019.11.30"]
[SourceVersion "1"]
[SourceVersionDate "2019.12.16"]
[SourceQuality "1"]

1. e4 e6 2. c4 d5 3. cxd5 exd5 4. exd5 Nf6 5. Bc4 Nxd5 6. Nc3 Nb6 7. Bb3 c5 8.
Nf3 Nc6 9. d4 cxd4 10. Nb5 Bb4+ 11. Bd2 Bxd2+ 12. Qxd2 d3 13. O-O-O O-O 14.
Qxd3 Qxd3 15. Rxd3 Bf5 16. Rd2 h6 17. Nd6 Bg6 18. Nxb7 a5 19. Rd6 a4 20. Bxf7+
Rxf7 21. Rxg6 Rc7 22. Kb1 Rb8 23. Rc1 Rcxb7 24. Rgxc6 a3 25. b3 Re7 26. Nd4 Rd7
27. Nb5 Rd2 28. R6c2 Rbd8 29. Nxa3 R2d7 30. Nb5 Kh7 31. a3 Nd5 32. Kb2 Nf4 33.
Rg1 Nd3+ 34. Kb1 Rb8 35. a4 Nb4 36. Re2 Rd3 37. Kb2 Rbd8 38. Na3 Na6 39. Rc1
R8d5 40. Rc3 Rd1 41. Rc1 R1d3 42. Rec2 Nb4 43. Re2 R3d4 44. Kb1 Rd3 45. Kb2
R3d4 46. Rc4 Nd3+ 47. Kb1 Nf4 48. Rxd4 Rxd4 49. Rc2 Nxg2 50. a5 Ne1 51. Rc1 Nf3
52. Nc4 Nxh2 53. Kb2 Ng4 54. a6 Rd7 55. f3 Nf6 56. Ra1 Ra7 57. b4 Nd5 58. Kb3
Nc7 59. Ra5 Rxa6 60. Rxa6 Nxa6 61. b5 Nc5+ 62. Kb4 Nb7 63. b6 h5 64. Ne5 h4 65.
Kb5 h3 66. Ng4 Kg6 67. Kc6 Na5+ 68. Kb5 Nb7 69. Kc4 Kf5 70. Kd3 Kf4 71. Ke2 Kg3
72. Ke3 g6 73. Nf2 Kg2 0-1

[Event "Open de la Constitución 2019"]
[Site "S. S. de los Reyes ESP"]
[Date "2019.12.03"]
[Round "4.13"]
[White "Campos Calvo-Sotelo, Javier"]
[Black "Savchuk, Olga"]
[Result "1-0"]
[WhiteElo "1951"]
[BlackElo "1611"]
[PlyCount "113"]
[EventDate "2019.11.30"]
[EventType "swiss"]
[EventRounds "9"]
[EventCountry "ESP"]
[SourceTitle "Ajedrez en Madrid"]
[Source "lmi"]
[SourceDate "2019.11.30"]
[SourceVersion "1"]
[SourceVersionDate "2019.12.16"]
[SourceQuality "1"]

1. d4 Nf6 2. g3 e6 3. Bg2 c5 4. Nf3 d5 5. O-O Be7 6. c4 O-O 7. cxd5 exd5 8. Nc3
Nc6 9. Bf4 Bg4 10. dxc5 Bxc5 11. Rc1 a6 12. Ne5 Be6 13. Na4 Bd6 14. Nxc6 bxc6
15. Bxd6 Qxd6 16. Qc2 Rac8 17. Nc5 Bg4 18. h3 Bh5 19. Rfe1 Rfe8 20. Nxa6 Ra8
21. Qxc6 Rxa6 22. Qxd6 Rxd6 23. e3 Bg6 24. Red1 Ne4 25. Rd4 f5 26. Bf1 Rb8 27.
b4 Be8 28. g4 fxg4 29. hxg4 Rg6 30. f3 Ng5 31. Kf2 Ne6 32. Rxd5 Rxb4 33. Bc4
Kf8 34. Bb3 Rf6 35. Kg3 Rb8 36. g5 Rg6 37. f4 Ke7 38. Re5 Rb5 39. Rxb5 Bxb5 40.
Bc2 Kf7 41. Bxg6+ Kxg6 42. e4 Kf7 43. Rb1 Bd3 44. Rb7+ Kf8 45. Kf3 Nc5 46. Rc7
Nxe4 47. Ke3 Bb1 48. Rc1 Bxa2 49. Kxe4 Kf7 50. Rc7+ Kf8 51. Ke5 Bb3 52. f5 h5
53. g6 h4 54. f6 gxf6+ 55. Kxf6 Ke8 56. Re7+ Kd8 57. Rh7 1-0

[Event "Open de la Constitución 2019"]
[Site "S. S. de los Reyes ESP"]
[Date "2019.12.03"]
[Round "4.14"]
[White "Sacristan Virseda, Fernando"]
[Black "Campos Rodriguez, Alvaro"]
[Result "1-0"]
[WhiteElo "1880"]
[BlackElo "1691"]
[PlyCount "51"]
[EventDate "2019.11.30"]
[EventType "swiss"]
[EventRounds "9"]
[EventCountry "ESP"]
[SourceTitle "Ajedrez en Madrid"]
[Source "lmi"]
[SourceDate "2019.11.30"]
[SourceVersion "1"]
[SourceVersionDate "2019.12.16"]
[SourceQuality "1"]

1. e4 c5 2. Nc3 a6 3. g3 b5 4. Bg2 Bb7 5. d3 e6 6. Nge2 b4 7. Nb1 d5 8. O-O Nf6
9. e5 Nfd7 10. f4 Be7 11. c4 bxc3 12. bxc3 Qb6 13. Nd2 c4+ 14. d4 Nc6 15. Rb1
Qa7 16. Kh1 g6 17. g4 f5 18. exf6 Nxf6 19. Ng3 h5 20. gxh5 Nxh5 21. Nxh5 Rxh5
22. Qg4 Kd7 23. Re1 Rf5 24. Qe2 Nd8 25. Nxc4 dxc4 26. Rxb7+ 1-0

[Event "Open de la Constitución 2019"]
[Site "S. S. de los Reyes ESP"]
[Date "2019.12.03"]
[Round "4.15"]
[White "Sanchez Villodres, Mario"]
[Black "Santamaria Farran, Pablo"]
[Result "0-1"]
[WhiteElo "1187"]
[BlackElo "1808"]
[PlyCount "62"]
[EventDate "2019.11.30"]
[EventType "swiss"]
[EventRounds "9"]
[EventCountry "ESP"]
[SourceTitle "Ajedrez en Madrid"]
[Source "lmi"]
[SourceDate "2019.11.30"]
[SourceVersion "1"]
[SourceVersionDate "2019.12.16"]
[SourceQuality "1"]

1. e4 c5 2. Nc3 e6 3. g3 Nc6 4. Bg2 d6 5. Nge2 Bd7 6. O-O Nf6 7. d3 Be7 8. f4
Rb8 9. h3 b5 10. g4 h6 11. Ng3 Qc7 12. Nce2 b4 13. c4 a5 14. b3 Rg8 15. g5 Nh7
16. h4 e5 17. fxe5 dxe5 18. gxh6 gxh6 19. Bxh6 Qd6 20. Qd2 Bxh4 21. Nf5 Bxf5
22. exf5 Nd4 23. Nxd4 cxd4 24. Qc1 Qc6 25. Qd2 Qf6 26. a3 Ng5 27. Bxg5 Bxg5 28.
Qe2 Be3+ 29. Kh2 Qh4+ 30. Bh3 Qg3+ 31. Kh1 Rh8 0-1

[Event "Open de la Constitución 2019"]
[Site "S. S. de los Reyes ESP"]
[Date "2019.12.03"]
[Round "4.16"]
[White "Alonso Garuti, Luis E"]
[Black "Alfaya Martinez, Enrique"]
[Result "1/2-1/2"]
[WhiteElo "1796"]
[BlackElo "1560"]
[PlyCount "36"]
[EventDate "2019.11.30"]
[EventType "swiss"]
[EventRounds "9"]
[EventCountry "ESP"]
[SourceTitle "Ajedrez en Madrid"]
[Source "lmi"]
[SourceDate "2019.11.30"]
[SourceVersion "1"]
[SourceVersionDate "2019.12.16"]
[SourceQuality "1"]

1. e4 c5 2. Nf3 e6 3. d4 cxd4 4. Nxd4 Nf6 5. Nc3 d6 6. Be2 a6 7. Be3 Be7 8. O-O
O-O 9. f4 Nc6 10. Qe1 Nxd4 11. Bxd4 b5 12. Rd1 Qc7 13. a3 Bb7 14. Bf3 Rac8 15.
Qf2 Qc4 16. Be2 Qc6 17. Bf3 Qc4 18. Be2 Qc6 1/2-1/2

[Event "Open de la Constitución 2019"]
[Site "S. S. de los Reyes ESP"]
[Date "2019.12.03"]
[Round "4.17"]
[White "Alvarez Gonzalez, Eduardo"]
[Black "Diaz Guzman, David"]
[Result "1-0"]
[WhiteElo "1771"]
[BlackElo "1137"]
[PlyCount "65"]
[EventDate "2019.11.30"]
[EventType "swiss"]
[EventRounds "9"]
[EventCountry "ESP"]
[SourceTitle "Ajedrez en Madrid"]
[Source "lmi"]
[SourceDate "2019.11.30"]
[SourceVersion "1"]
[SourceVersionDate "2019.12.16"]
[SourceQuality "1"]

1. d4 Nf6 2. Nf3 g6 3. c4 Bg7 4. Nc3 O-O 5. e4 d6 6. Be2 e5 7. O-O exd4 8. Nxd4
Re8 9. f3 Nbd7 10. Be3 Nc5 11. Qd2 c6 12. Rfd1 Qd7 13. Nb3 Nxb3 14. axb3 Rd8
15. Rxa7 Rxa7 16. Bxa7 Qc7 17. c5 Qd7 18. Bb6 Re8 19. Qxd6 Qxd6 20. cxd6 Be6
21. Bc4 Nd7 22. Bc7 Bf6 23. Kf2 Bd8 24. Ke3 Bxc4 25. bxc4 Bf6 26. Na4 Bd8 27.
c5 Kf8 28. b4 f6 29. Nb6 Bxc7 30. Nxd7+ Kf7 31. dxc7 Rc8 32. Nb6 Ke6 33. Nxc8
1-0

[Event "Open de la Constitución 2019"]
[Site "S. S. de los Reyes ESP"]
[Date "2019.12.03"]
[Round "4.18"]
[White "Pindado Del Carmen, Eliseo"]
[Black "Nuevo Benitez, Miguel Angel"]
[Result "0-1"]
[WhiteElo "1531"]
[BlackElo "1707"]
[PlyCount "72"]
[EventDate "2019.11.30"]
[EventType "swiss"]
[EventRounds "9"]
[EventCountry "ESP"]
[SourceTitle "Ajedrez en Madrid"]
[Source "lmi"]
[SourceDate "2019.11.30"]
[SourceVersion "1"]
[SourceVersionDate "2019.12.16"]
[SourceQuality "1"]

1. d4 d6 2. Nf3 g6 3. c3 Bg7 4. Bf4 Nd7 5. e3 Ngf6 6. h3 c5 7. Nbd2 O-O 8. Be2
e5 9. Bg5 Qc7 10. dxe5 dxe5 11. Bh4 e4 12. Bg3 Qc6 13. Ne5 Nxe5 14. Bxe5 Rd8
15. Qc2 Re8 16. Bh2 Be6 17. Nc4 Bxc4 18. Bxc4 b5 19. Be2 c4 20. O-O Nd7 21. a4
a6 22. Rfd1 Ne5 23. Bxe5 Bxe5 24. axb5 axb5 25. Qd2 Rad8 26. Qc2 Rd3 27. Qb1
Qc5 28. Rxd3 cxd3 29. Bd1 b4 30. cxb4 Qxb4 31. Ba4 Ra8 32. Qd1 Bxb2 33. Ra2 Rc8
34. Kh2 Rc1 35. Qb3 Be5+ 36. g3 Qe1 0-1

[Event "Open de la Constitución 2019"]
[Site "S. S. de los Reyes ESP"]
[Date "2019.12.03"]
[Round "4.19"]
[White "Montiel Miguelez, Manuel"]
[Black "Martinez Miura, Enrique"]
[Result "1-0"]
[WhiteElo "1811"]
[BlackElo "1554"]
[PlyCount "75"]
[EventDate "2019.11.30"]
[EventType "swiss"]
[EventRounds "9"]
[EventCountry "ESP"]
[SourceTitle "Ajedrez en Madrid"]
[Source "lmi"]
[SourceDate "2019.11.30"]
[SourceVersion "1"]
[SourceVersionDate "2019.12.16"]
[SourceQuality "1"]

1. e4 e6 2. d4 d5 3. Nd2 dxe4 4. Nxe4 Nd7 5. Bd3 Be7 6. Ne2 Ngf6 7. f3 O-O 8.
Bf4 b6 9. Qd2 Bb7 10. O-O-O c5 11. dxc5 Nxc5 12. Nxc5 Bxc5 13. Bg5 Be7 14. Qe1
Qc7 15. h4 Rac8 16. Kb1 Rfd8 17. h5 h6 18. Bf4 e5 19. Bd2 Nd5 20. Bf5 Rb8 21.
Nc3 Nxc3+ 22. Bxc3 Rxd1+ 23. Qxd1 Rd8 24. Qe2 Bf6 25. Bd3 e4 26. Bxe4 Bxc3 27.
Bxb7 Qxb7 28. bxc3 Qc6 29. Kb2 Rc8 30. Qd3 Qc5 31. g4 Re8 32. Rd1 Re3 33. Qd8+
Kh7 34. Qd4 Qb5+ 35. Kc1 Qe2 36. Rd3 Qf1+ 37. Kb2 Rxf3 38. Qe4+ 1-0

[Event "Open de la Constitución 2019"]
[Site "S. S. de los Reyes ESP"]
[Date "2019.12.03"]
[Round "4.20"]
[White "Rodriguez Valdeavero, Julio C."]
[Black "Vallespin Morales, Antonio"]
[Result "0-1"]
[WhiteElo "1778"]
[BlackElo "1407"]
[PlyCount "50"]
[EventDate "2019.11.30"]
[EventType "swiss"]
[EventRounds "9"]
[EventCountry "ESP"]
[SourceTitle "Ajedrez en Madrid"]
[Source "lmi"]
[SourceDate "2019.11.30"]
[SourceVersion "1"]
[SourceVersionDate "2019.12.16"]
[SourceQuality "1"]

1. e4 c5 2. Nf3 e6 3. d4 cxd4 4. Nxd4 a6 5. Bd3 Nc6 6. Be3 Qc7 7. O-O Nf6 8. c4
Be7 9. Nc3 O-O 10. Rc1 Ne5 11. Bf4 Bd6 12. Kh1 Nxd3 13. Ncb5 axb5 14. Nxb5
Nxf2+ 15. Rxf2 Qc5 16. Bxd6 Qxf2 17. Bxf8 Kxf8 18. Qd6+ Kg8 19. Qe7 h6 20. Nd6
Ng4 21. Qe8+ Kh7 22. Nxf7 Qf4 23. Qh8+ Kg6 24. Ne5+ Nxe5 25. Rd1 Ng4 0-1

[Event "Open de la Constitución 2019"]
[Site "S. S. de los Reyes ESP"]
[Date "2019.12.03"]
[Round "4.21"]
[White "Estevez Sacristan, Deva"]
[Black "Diaz Del Prado, Carlos"]
[Result "1-0"]
[WhiteElo "1719"]
[BlackElo "1287"]
[PlyCount "35"]
[EventDate "2019.11.30"]
[EventType "swiss"]
[EventRounds "9"]
[EventCountry "ESP"]
[SourceTitle "Ajedrez en Madrid"]
[Source "lmi"]
[SourceDate "2019.11.30"]
[SourceVersion "1"]
[SourceVersionDate "2019.12.16"]
[SourceQuality "1"]

1. e4 e5 2. Nf3 Nf6 3. Nxe5 d6 4. Nf3 Nxe4 5. d3 Nf6 6. d4 Be7 7. Bd3 d5 8. O-O
O-O 9. Bg5 Ne4 10. Bxe7 Qxe7 11. Re1 Bf5 12. Nc3 c6 13. Qe2 Re8 14. Nd2 Qb4 15.
Ndxe4 Bxe4 16. Bxe4 Qxd4 17. Bxh7+ Kxh7 18. Qh5+ 1-0

[Event "Open de la Constitución 2019"]
[Site "S. S. de los Reyes ESP"]
[Date "2019.12.03"]
[Round "4.22"]
[White "Gonzalez Morente, Jose A"]
[Black "Rubio Caceres, Aaron"]
[Result "0-1"]
[WhiteElo "1476"]
[BlackElo "1711"]
[PlyCount "88"]
[EventDate "2019.11.30"]
[EventType "swiss"]
[EventRounds "9"]
[EventCountry "ESP"]
[SourceTitle "Ajedrez en Madrid"]
[Source "lmi"]
[SourceDate "2019.11.30"]
[SourceVersion "1"]
[SourceVersionDate "2019.12.16"]
[SourceQuality "1"]

1. d4 g6 2. Bf4 Bg7 3. Nc3 d6 4. e4 Nd7 5. Nf3 e6 6. Be2 Ne7 7. Qd2 h6 8. h3 a6
9. e5 d5 10. Bd3 c5 11. dxc5 Nxc5 12. O-O Nxd3 13. cxd3 g5 14. Bg3 Nf5 15. Rac1
Bd7 16. d4 O-O 17. Rc2 Qb6 18. Ne2 Rfc8 19. Rfc1 Rxc2 20. Rxc2 Ba4 21. Rc5 Bf8
22. Rc1 Bb4 23. Nc3 Bb5 24. a3 Be7 25. Nxb5 axb5 26. Qc3 b4 27. Qc7 Bd8 28. Qd7
bxa3 29. bxa3 Be7 30. Rc7 Rd8 31. Rxb7 Rxd7 32. Rxb6 Bxa3 33. Ra6 Bb2 34. Ra4
Rc7 35. Nd2 Bxd4 36. Kh2 Rc2 37. Nb3 Bxf2 38. Bxf2 Rxf2 39. Kg1 Re2 40. g4 Nh4
41. Nc5 Rxe5 42. Nd3 Re3 43. Ra3 Kg7 44. Kf2 d4 0-1

[Event "Open de la Constitución 2019"]
[Site "S. S. de los Reyes ESP"]
[Date "2019.12.03"]
[Round "4.23"]
[White "Perdiguero Herreros, Alejandro"]
[Black "Raskin Calvo, Maximilian"]
[Result "1-0"]
[WhiteElo "1675"]
[BlackElo "1264"]
[PlyCount "67"]
[EventDate "2019.11.30"]
[EventType "swiss"]
[EventRounds "9"]
[EventCountry "ESP"]
[SourceTitle "Ajedrez en Madrid"]
[Source "lmi"]
[SourceDate "2019.11.30"]
[SourceVersion "1"]
[SourceVersionDate "2019.12.16"]
[SourceQuality "1"]

1. e4 c5 2. c3 e6 3. d4 cxd4 4. cxd4 g6 5. Nf3 Bg7 6. Nc3 Ne7 7. Bg5 O-O 8. Bc4
a6 9. d5 f6 10. Bh4 Kh8 11. dxe6 dxe6 12. Qxd8 Rxd8 13. e5 Ng8 14. Ne4 Rf8 15.
exf6 Nxf6 16. Neg5 Nd5 17. O-O-O Nc7 18. Bg3 b5 19. Bb3 Ra7 20. Rhe1 Re8 21.
Kb1 Rb7 22. Nf7+ Kg8 23. Nd6 Rf8 24. Nxb7 Bxb7 25. Bxc7 Nc6 26. Bxe6+ Kh8 27.
Ne5 Nxe5 28. Bxe5 Bxe5 29. Rxe5 Bxg2 30. Bd5 Rxf2 31. Bxg2 Rxg2 32. Re7 Rxb2+
33. Kxb2 a5 34. Rd8# 1-0

[Event "Open de la Constitución 2019"]
[Site "S. S. de los Reyes ESP"]
[Date "2019.12.03"]
[Round "4.24"]
[White "De Dompablo Fantova, Juan"]
[Black "Lopez-Ibarra Perdones, Miguel"]
[Result "1-0"]
[WhiteElo "1598"]
[BlackElo "1136"]
[PlyCount "63"]
[EventDate "2019.11.30"]
[EventType "swiss"]
[EventRounds "9"]
[EventCountry "ESP"]
[SourceTitle "Ajedrez en Madrid"]
[Source "lmi"]
[SourceDate "2019.11.30"]
[SourceVersion "1"]
[SourceVersionDate "2019.12.16"]
[SourceQuality "1"]

1. e4 e5 2. Nf3 Nc6 3. Bc4 Nf6 4. d3 Bc5 5. O-O O-O 6. c3 d5 7. exd5 Nxd5 8. h3
Re8 9. Re1 Nf6 10. Bg5 h6 11. Bh4 Qd6 12. Bg3 a6 13. d4 Bb6 14. Nxe5 Nxe5 15.
Bxe5 Qc6 16. Bxf6 Rxe1+ 17. Qxe1 Qxc4 18. Qe8+ Kh7 19. Nd2 Qd3 20. Qxf7 Qg6 21.
Qxg6+ Kxg6 22. Be5 Bd7 23. Nc4 Rc8 24. Re1 Re8 25. Re3 Bc6 26. Rg3+ Kh7 27.
Rxg7+ Kh8 28. Re7+ Kg8 29. Rxe8+ Bxe8 30. Nxb6 cxb6 31. f4 Kf7 32. Kf2 1-0

[Event "Open de la Constitución 2019"]
[Site "S. S. de los Reyes ESP"]
[Date "2019.12.03"]
[Round "4.25"]
[White "Solanilla Olcese, Ada"]
[Black "Rubio Gonzalez, Beltran"]
[Result "0-1"]
[WhiteElo "1379"]
[BlackElo "1596"]
[PlyCount "146"]
[EventDate "2019.11.30"]
[EventType "swiss"]
[EventRounds "9"]
[EventCountry "ESP"]
[SourceTitle "Ajedrez en Madrid"]
[Source "lmi"]
[SourceDate "2019.11.30"]
[SourceVersion "1"]
[SourceVersionDate "2019.12.16"]
[SourceQuality "1"]

1. e4 e5 2. Nf3 Nc6 3. Bc4 Nf6 4. Ng5 d5 5. exd5 Na5 6. Bb5+ c6 7. dxc6 bxc6 8.
Be2 h6 9. Nf3 e4 10. Ne5 Bc5 11. c3 Qc7 12. d4 exd3 13. Nxd3 Bd6 14. Be3 Nd5
15. Bc5 O-O 16. Bxd6 Qxd6 17. O-O Bf5 18. Nd2 Nxc3 19. bxc3 Rad8 20. Qa4 Bxd3
21. Bxd3 Qxd3 22. Qxa5 Qxd2 23. Qxa7 Qxc3 24. Rfc1 Qf6 25. Qc5 Rd6 26. a4 Rfd8
27. h3 Rb8 28. Rd1 Rd5 29. Qc4 Rb2 30. Rf1 Rxf2 31. Rxf2 Qxa1+ 32. Kh2 Qe5+ 33.
g3 Qd4 34. Qxd4 Rxd4 35. Ra2 Rd7 36. a5 Ra7 37. a6 Kf8 38. Kg2 Ke7 39. Kf3 Kd6
40. Ke4 Kc7 41. Ke5 Kd7 42. h4 Ke7 43. g4 f6+ 44. Kf5 c5 45. Ke4 Kd6 46. Ra3
Kc6 47. h5 c4 48. Kd4 Kb5 49. Rc3 Rd7+ 50. Ke4 Kb4 51. Rc1 Kb5 52. Ra1 Ra7 53.
Rc1 Rxa6 54. Kf5 Ra7 55. Rb1+ Kc5 56. Rc1 Re7 57. Kg6 Kd4 58. Rd1+ Kc5 59. Rc1
Rc7 60. Kh7 Kd4 61. Rd1+ Ke3 62. Kg6 c3 63. Rc1 Kd2 64. Rf1 c2 65. Rf2+ Kc1 66.
Rf1+ Kb2 67. Rf2 Kb1 68. Rf1+ c1=Q 69. Rxc1+ Kxc1 70. Kh7 Kd2 71. Kg6 Ke3 72.
Kf5 Kf3 73. Kg6 Kxg4 0-1

[Event "Open de la Constitución 2019"]
[Site "S. S. de los Reyes ESP"]
[Date "2019.12.03"]
[Round "4.28"]
[White "Valle Fernandez de Castro, Luis"]
[Black "Boza Moreno, Pedro"]
[Result "0-1"]
[WhiteElo "1174"]
[BlackElo "1671"]
[PlyCount "42"]
[EventDate "2019.11.30"]
[EventType "swiss"]
[EventRounds "9"]
[EventCountry "ESP"]
[SourceTitle "Ajedrez en Madrid"]
[Source "lmi"]
[SourceDate "2019.11.30"]
[SourceVersion "1"]
[SourceVersionDate "2019.12.16"]
[SourceQuality "1"]

1. e4 e5 2. Nf3 d6 3. Nc3 Nf6 4. Bc4 Be7 5. d4 exd4 6. Nxd4 O-O 7. Qf3 Bg4 8.
Qg3 Bh5 9. Bh6 Bg6 10. Bg5 Nbd7 11. O-O-O Nxe4 12. Nxe4 Bxe4 13. Be3 Bg6 14.
Qf3 Ne5 15. Qd5 Nxc4 16. Ne6 fxe6 17. Qxe6+ Bf7 18. Qg4 Bf6 19. Bh6 Bxb2+ 20.
Kb1 Qf6 21. Bg5 Na3# 0-1

[Event "Open de la Constitución 2019"]
[Site "S. S. de los Reyes ESP"]
[Date "2019.12.04"]
[Round "5.1"]
[White "Perez Ordoñez, Jose Ramon"]
[Black "Torres Boch, Jose F."]
[Result "1/2-1/2"]
[WhiteElo "2149"]
[BlackElo "2154"]
[PlyCount "106"]
[EventDate "2019.11.30"]
[EventType "swiss"]
[EventRounds "9"]
[EventCountry "ESP"]
[SourceTitle "Ajedrez en Madrid"]
[Source "lmi"]
[SourceDate "2019.11.30"]
[SourceVersion "1"]
[SourceVersionDate "2019.12.16"]
[SourceQuality "1"]

1. d4 Nf6 2. c4 g6 3. Nc3 Bg7 4. Nf3 O-O 5. g3 d6 6. Bg2 Nc6 7. O-O Bf5 8. Ne1
Qc8 9. e4 Bh3 10. Nc2 Re8 11. f3 Bxg2 12. Kxg2 e5 13. Be3 exd4 14. Nxd4 Nxd4
15. Bxd4 c6 16. Qd3 Qe6 17. Rad1 a6 18. Bxf6 Bxf6 19. Qxd6 b5 20. Qxe6 Rxe6 21.
Rc1 Rd6 22. Rf2 Rad8 23. cxb5 axb5 24. Rcc2 Ra8 25. a3 Rb8 26. Na2 c5 27. Rfe2
Bd4 28. Red2 Ra6 29. Rd3 b4 30. Nxb4 cxb4 31. Rxd4 bxa3 32. bxa3 Rxa3 33. Rd7
Re3 34. Rd4 g5 35. Rd5 h6 36. h3 Rbb3 37. Rf5 Re1 38. e5 Rbb1 39. f4 Rg1+ 40.
Kf3 Rb3+ 41. Kf2 Rgxg3 42. Rc8+ Kg7 43. Rc7 Rgf3+ 44. Ke2 Rxh3 45. Rcxf7+ Kg6
46. R5f6+ Kh5 47. fxg5 Rb2+ 48. Kd1 Rh1+ 49. Rf1 Rb1+ 50. Ke2 Rbxf1 51. Rxf1
Rxf1 52. Kxf1 hxg5 53. Kg2 Kg6 1/2-1/2

[Event "Open de la Constitución 2019"]
[Site "S. S. de los Reyes ESP"]
[Date "2019.12.04"]
[Round "5.2"]
[White "Martinez Fernandez, Raul"]
[Black "Iagar, Razvan-Gabriel"]
[Result "1/2-1/2"]
[WhiteElo "2203"]
[BlackElo "2182"]
[PlyCount "104"]
[EventDate "2019.11.30"]
[EventType "swiss"]
[EventRounds "9"]
[EventCountry "ESP"]
[SourceTitle "Ajedrez en Madrid"]
[Source "lmi"]
[SourceDate "2019.11.30"]
[SourceVersion "1"]
[SourceVersionDate "2019.12.16"]
[SourceQuality "1"]

1. e4 e6 2. d4 d5 3. Nc3 dxe4 4. Nxe4 Nd7 5. Nf3 Ngf6 6. Nxf6+ Nxf6 7. Bd3 c5
8. O-O Be7 9. dxc5 Bxc5 10. Qe2 O-O 11. Bg5 Be7 12. Rfd1 Qb6 13. c4 Rd8 14. Ne5
h6 15. Bh4 Qc7 16. Bg3 Bd6 17. c5 Bxc5 18. Ng4 Qe7 19. Nxf6+ Qxf6 20. Qe4 g6
21. Be5 Qf5 22. Qe2 Qg5 23. Bb5 Rd5 24. Bc3 Bf8 25. Rxd5 exd5 26. h4 Qe7 27.
Qd3 Bg7 28. Re1 Be6 29. Bxg7 Kxg7 30. Qxd5 Bxd5 31. Rxe7 a6 32. Bd3 Rc8 33. Rd7
Bc6 34. Rd6 Kf8 35. f3 Ke7 36. Rd4 Rd8 37. Rxd8 Kxd8 38. Kf2 a5 39. Ke3 Ke7 40.
Be4 Bxe4 41. Kxe4 Ke6 42. g4 f6 43. f4 f5+ 44. gxf5+ gxf5+ 45. Kd4 Kd6 46. Kc4
Kc6 47. a4 h5 48. b3 b6 49. b4 axb4 50. Kxb4 Kc7 51. Kc3 Kd7 52. Kb3 Kd6
1/2-1/2

[Event "Open de la Constitución 2019"]
[Site "S. S. de los Reyes ESP"]
[Date "2019.12.04"]
[Round "5.3"]
[White "Ramos Fernandez, Pedro"]
[Black "Sanchez Saez, Francisco"]
[Result "0-1"]
[WhiteElo "2008"]
[BlackElo "2337"]
[PlyCount "80"]
[EventDate "2019.11.30"]
[EventType "swiss"]
[EventRounds "9"]
[EventCountry "ESP"]
[SourceTitle "Ajedrez en Madrid"]
[Source "lmi"]
[SourceDate "2019.11.30"]
[SourceVersion "1"]
[SourceVersionDate "2019.12.16"]
[SourceQuality "1"]

1. d4 Nf6 2. c3 b6 3. Bg5 e6 4. Nf3 Bb7 5. e3 h6 6. Bxf6 Qxf6 7. Nbd2 g5 8. Bd3
g4 9. Ne5 h5 10. Be4 c6 11. Bc2 d6 12. Nd3 Nd7 13. Qe2 c5 14. Nf4 d5 15. f3 Bd6
16. g3 O-O-O 17. fxg4 hxg4 18. Rf1 Qg7 19. O-O-O Kb8 20. Rf2 e5 21. dxe5 Nxe5
22. Rdf1 d4 23. exd4 cxd4 24. cxd4 Nf3 25. Nxf3 gxf3 26. Qd2 Be5 27. d5 Bxb2+
28. Kb1 Bc3 29. Qd3 Bd4 30. Rxf3 Rxh2 31. Ne2 Ba1 32. Nc3 Rxd5 33. Qe3 Re5 34.
Qd3 Rd5 35. Qe3 Bxc3 36. Qxc3 Re5 37. Rf6 Rc5 38. Qb3 Rhxc2 39. Rxf7 Rc1+ 40.
Rxc1 Be4+ 0-1

[Event "Open de la Constitución 2019"]
[Site "S. S. de los Reyes ESP"]
[Date "2019.12.04"]
[Round "5.4"]
[White "Lozano Suarez, Luis Miguel"]
[Black "Salvador Cabo, Cesar"]
[Result "0-1"]
[WhiteElo "2130"]
[BlackElo "1988"]
[PlyCount "86"]
[EventDate "2019.11.30"]
[EventType "swiss"]
[EventRounds "9"]
[EventCountry "ESP"]
[SourceTitle "Ajedrez en Madrid"]
[Source "lmi"]
[SourceDate "2019.11.30"]
[SourceVersion "1"]
[SourceVersionDate "2019.12.16"]
[SourceQuality "1"]

1. d4 c5 2. d5 Nf6 3. Nc3 g6 4. e4 d6 5. f4 Bg7 6. Bb5+ Nfd7 7. a4 Qa5 8. Bd2
Qb4 9. Be2 Na6 10. Nf3 O-O 11. O-O Nf6 12. Ng5 c4 13. Kh1 Qc5 14. Bf3 Nb4 15.
Be1 h6 16. Nh3 Bd7 17. Bg3 b6 18. Nf2 Rfb8 19. e5 Ne8 20. e6 Bc8 21. exf7+ Kxf7
22. Qe2 a6 23. h4 Bf5 24. h5 Nxc2 25. hxg6+ Kf8 26. Nfe4 Nd4 27. Qd1 Qc8 28.
Bh5 b5 29. axb5 axb5 30. Rxa8 Rxa8 31. Bf2 Nb3 32. Ng3 b4 33. Nxf5 Qxf5 34. Nb5
Ra1 35. Qe2 Rxf1+ 36. Qxf1 Qxh5+ 37. Kg1 Qxd5 38. Na7 Bd4 39. Nc8 Bxf2+ 40.
Qxf2 Qd4 41. Nb6 c3 42. bxc3 bxc3 43. Nd7+ Kg7 0-1